000 00272nam a22001337a 4500
008 170421b xxu||||| |||| 00| 0 eng d
020 _a047187454X
041 _aeng
080 _22ND
_a573
100 _a11
101 _aSHM
245 _aBOTANY
_cROST
942 _2udc
_cBK
999 _c11520
_d11520